No : senderos alternos para adentrarse en la filosofía antigua /

Detalles Bibliográficos
Autor principal: Fallas, Luis Alberto, 1965- (Autor)
Formato: Electrónico eBook
Lenguaje:español
Publicado: Bogotá, Colombia : Editorial Aula de Humanidades, 2024.
Edición:Primera edición.
Colección:Colección Filosofía clásica (Editorial Aula de Humanidades)
Materias:
Acceso en línea:Digitalia Hispánica

MARC

LEADER 00000nam a2200000 i 4500
001 DIGAUHUM0014
003 NyNyDIG
007 cr |||||||||||
008 241210s2024 ck ob 001 0 spa d
006 m o d
035 |a (OCoLC)1478204077 
040 |a DGITA  |b eng  |e rda  |e pn  |c DGITA 
020 |a 9786287700215  |q (versión digital) 
020 |z 9786287700208  |q (versión impresa) 
050 1 4 |a B115.S6 ebook 
100 1 |a Fallas, Luis Alberto,  |d 1965-  |e author. 
245 1 0 |a No :  |b senderos alternos para adentrarse en la filosofía antigua /  |c Luis Alberto Fallas López. 
250 |a Primera edición. 
264 1 |a Bogotá, Colombia :  |b Editorial Aula de Humanidades,  |c 2024. 
300 |a 1 online resource. 
336 |a text  |b txt  |2 rdacontent 
337 |a computer  |b c  |2 rdamedia 
338 |a online resource  |b cr  |2 rdacarrier 
347 |a text file  |2 rdaft 
347 |b PDF 
490 1 |a Colección: Filosofía Clásica 
504 |a Includes bibliographical references and indexes. 
588 0 |a Online resource; title from PDF title page (Digitalia, viewed December 10, 2024) 
650 0 |a Philosophy, Ancient. 
791 2 |a Digitalia (Firm),  |e distributor. 
793 0 |g Digitalia eBook Collection:  |a Editorial Aula de Humanidades 
776 0 8 |i Print version:  |a Fallas, Luis Alberto, 1965-  |t No.  |b Primera edición.  |d Bogotá, Colombia : Editorial Aula de Humanidades, [2024]  |z 9786287700208 
830 0 |a Colección Filosofía clásica (Editorial Aula de Humanidades) 
856 4 0 |3 Digitalia Hispánica  |u https://www.digitaliapublishing.com/a/159390/ 
910 |a Premium collection: 2024